| 000 | 00423nam a2200157Ia 4500 | ||
|---|---|---|---|
| 008 | 240729s9999 xx 000 0 und d | ||
| 022 | _a2756-3898 | ||
| 245 | 0 | _aPhysics Access | |
| 260 | _aNigeria | ||
| 260 | _bDepartment of Physics, Kaduna State University, Nigeria | ||
| 650 | _a Physics | ||
| 650 | _aScience | ||
| 856 | _uhttps://doaj.org/toc/beea39baa2fd4de6b9837a9fe03f73b0 | ||
| 942 | _2ddc | ||
| 942 | _cDOAJEJ | ||
| 999 |
_c66906 _d66906 |
||
| 945 |
_a1 _bMadushi Gamage _c1 _dMadushi Gamage |
||